000 00621nam a2200277Ia 4500
005 20260324144615.0
008 008 260324s9999 xx 000 0 eng d
020 _a9781315617749
037 _aEBOOK
040 _aCRL
040 _beng
040 _cCRL
041 _2eng
041 _aeng
084 _qCRL
100 _aJ.H. Alexander
_91219952
245 0 _aReading Wordsworth
260 _bTaylor and Francis
260 _c1987
365 _a
365 _b180
856 _uhttp://www.taylorfrancis.com/books/9781315617749
942 _cEBOOK
999 _c1826761
_d1826761